000 00323nam a22001217a 4500
082 _a330/SIN
100 _aSinghania, Nitin
_981968
245 _aIndian Economy
_bFor UPSC and State civil services examination
250 _a4TH Edition
260 _aChennai
_bMC Graw Hill Education
_c2023
650 _aEconomy
942 _cBK
999 _c66214
_d66214